Farmers' GM attitudes. (Record no. 61100)

MARC details
000 -LEADER
fixed length control field 00793cam a2200193 4500
001 - CONTROL NUMBER
control field WB3524-57
008 - FIXED-LENGTH DATA ELEMENTS--GENERAL INFORMATION
fixed length control field 000000n1999 000 0 eng u
035 ## - SYSTEM CONTROL NUMBER
System control number (Sirsi) u102008
245 ## - TITLE STATEMENT
Title Farmers' GM attitudes.
260 ## - PUBLICATION, DISTRIBUTION, ETC.
Date of publication, distribution, etc. 1999
490 ## - SERIES STATEMENT
Series statement Farmers' Weekly
Volume/sequential designation 130(25) 18 June 1999, 7(1)
520 ## - SUMMARY, ETC.
Summary, etc. A survey by the BBC shows that although 65% of English farmers would be unwilling to have a GM crop trial on their land, 52.5% would want to grow the crops if they were released commercially. Half were concerned about contamination from GM crops, 41.5% were unconcerned and 9% undecided. The survey involved 200 farmers.
650 ## - SUBJECT ADDED ENTRY--TOPICAL TERM
Topical term or geographic name entry element GENETICALLY MODIFIED FOODS
650 ## - SUBJECT ADDED ENTRY--TOPICAL TERM
Topical term or geographic name entry element CROPS
650 ## - SUBJECT ADDED ENTRY--TOPICAL TERM
Topical term or geographic name entry element POLLUTION
650 ## - SUBJECT ADDED ENTRY--TOPICAL TERM
Topical term or geographic name entry element Environment
9 (RLIN) 6238
690 ## - LOCAL SUBJECT ADDED ENTRY--TOPICAL TERM (OCLC, RLIN)
Topical term or geographic name as entry element RURAL PRACTICE
942 ## - ADDED ENTRY ELEMENTS (KOHA)
Suppress in OPAC 0
Holdings
Withdrawn status Lost status Source of classification or shelving scheme Damaged status Not for loan Home library Current library Shelving location Date acquired Total Checkouts Full call number Barcode Date last seen Copy number Price effective from Koha item type
    Dewey Decimal Classification     London London News article 15/11/1999   WB3524-57 102008-1001 06/08/2019 1 06/08/2019 News article